Dictámenes emitidos por las ponencias designadas en la Asamblea de Alcaldes de las poblaciones de esta provincia, reunida conforme a acuerdo de esta Diputación Provincial
Descripción Física:
54 p. ; 21 cm
MARC
| LEADER | 00000nam a2200000Ia 4500 | ||
|---|---|---|---|
| 001 | 7866 | ||
| 008 | 160829s1907 xx 000 0 cat d | ||
| 080 | |a M-3-375 | ||
| 110 | 1 | |a Barcelona (Catalunya : Província). |b Diputació |9 52408 | |
| 245 | |a Dictámenes emitidos por las ponencias designadas en la Asamblea de Alcaldes de las poblaciones de esta provincia, reunida conforme a acuerdo de esta Diputación Provincial | ||
| 260 | |a Barcelona : |b (Casa de Caritat), |c 1907 | ||
| 300 | |a 54 p. ; |c 21 cm | ||
| 590 | |a Abans del títol: Diputación Provincial de Barcelona. | ||
| 590 | |a Prové de 2025, exp. 61. | ||
| 590 | |a Hi ha un duplicat a: DUP-10 | ||
| 650 | |a Municipis |x Govern i administració |x Barcelona (Província) |x Congressos |9 46927 | ||
| 901 | |a Arxiu | ||
| 942 | |n 1 | ||
| 952 | |0 0 |1 0 |4 0 |6 M3375 |7 1 |9 53536 |a Arxiu |b Arxiu |d 2016-12-01 |l 0 |o M-3-375 |p 7866 |r 2016-12-01 00:00:00 |w 2016-12-01 |y ARXIU | ||
| 999 | |c 57402 |d 57402 | ||